Introduction to quantum field theory

Sparad:
Bibliografiska uppgifter
Huvudupphovsman: Chang, Shau-Jin (Författare, medförfattare)
Materialtyp: Bok
Språk:engelska
Publicerad: Singapur World Scientific 1990
Serie:World Scientific Lectures Notes in Physics, 29
Ämnen:
Taggar: Lägg till en tagg
Inga taggar, Lägg till första taggen!

MARC

LEADER 00000nam a2200000 a 4500
001 UCX2856
003 CL-VaPUC
008 910826e19900000SI |||||||||||||||||eng|d
082 0 4 |a 530.14  |b CHA  |2 21 
100 0 |a Chang, Shau-Jin  |e author  |9 318951 
245 1 0 |a Introduction to quantum field theory 
300 |a 382 p 
942 |c BK 
945 |d 19910826 00:00:00 
260 |a Singapur  |b World Scientific  |c 1990 
650 0 |a Teoría cuántica de campos  |9 318952 
583 |a last modification  |c 20120708 10:40:17  |k Rodrigo Vera 
490 0 |a World Scientific Lectures Notes in Physics, 29 
999 |c 223782  |d 223780 
952 |0 0  |1 0  |4 0  |6 530_140000000000000_CHA_1990  |7 0  |8 A  |9 219905  |a BIBCUR  |b BIBCUR  |d 2019-11-15  |i 2885808  |l 5  |m 2  |o 530.14 CHA 1990  |p 2885808  |r 2025-04-22  |s 2023-09-25  |w 2019-11-15  |y BK  |k FIS